Online
Catalog

Protagonistas higüeyanos : recreación de la vida pueblerina entre dos siglos / (Record no. 21562)

MARC details
000 -CABECERA
campo de control de longitud fija 00797nam a2200229 a 4500
001 - NÚMERO DE CONTROL
campo de control 000022064
003 - IDENTIFICADOR DEL NÚMERO DE CONTROL
campo de control DO-SdBNP
005 - FECHA Y HORA DE LA ÚLTIMA TRANSACCIÓN
campo de control 20210628094727.0
008 - DATOS DE LONGITUD FIJA--INFORMACIÓN GENERAL
campo de control de longitud fija 100916s2007 dr ac 000 0 spa d
040 ## - FUENTE DE LA CATALOGACIÓN
Centro catalogador/agencia de origen DO-SdBNP
Lengua de catalogación spa
Centro/agencia transcriptor BNPHU
049 ## - FONDOS LOCALES (OCLC)
Fondos de biblioteca BNPD
082 ## - NÚMERO DE LA CLASIFICACIÓN DECIMAL DEWEY
Número de clasificación xxx
Número de documento/Ítem J58p
100 1# - ENTRADA PRINCIPAL--NOMBRE DE PERSONA
Nombre de persona Jesús Reyes, José C. de
9 (RLIN) 45715
245 10 - MENCIÓN DE TÍTULO
Título Protagonistas higüeyanos : recreación de la vida pueblerina entre dos siglos /
Mención de responsabilidad, etc. José C de Jesús Reyes ; prólogo Bienvenido Álvarez Vega.
260 ## - PUBLICACIÓN, DISTRIBUCIÓN, ETC.
Lugar de publicación, distribución, etc. Santo Domingo :
Nombre del editor, distribuidor, etc. Onapi,
Fecha de publicación, distribución, etc. 2007.
300 ## - DESCRIPCIÓN FÍSICA
Extensión 308 p. :
Otras características físicas il., retr. ;
Dimensiones 23 cm.
500 ## - NOTA GENERAL
Nota general Incluye datos biográficos del autor en la solapa de la contracubierta
590 ## - NOTA LOCAL (RLIN)
Nota local Inventariado, 2021 / DG
700 1# - PUNTO DE ACCESO ADICIONAL--NOMBRE DE PERSONA
Nombre de persona Álvarez Vega, Bienvenido,
Término indicativo de función/relación pról.
9 (RLIN) 27120
910 ## - DATOS DE OPCIÓN DEL USUARIO (OCLC)
Datos de opción del usuario D/G
942 ## - ELEMENTOS DE PUNTO DE ACCESO ADICIONAL (KOHA)
Fuente del sistema de clasificación o colocación Dewey Decimal Classification
Tipo de ítem Koha Libro
Holdings
Estado de retiro Estado de pérdida No para préstamo Código de colección Localización permanente Ubicación/localización actual Ubicación en estantería Fecha de adquisición Número de inventario Total de préstamos Signatura topográfica completa Código de barras Fecha visto por última vez Precio válido a partir de Tipo de ítem Koha Fuente del sistema de clasificación o colocación Restricciones de uso Número de copia
    Excluido de préstamo Patrimonio Dominicano Patrimonio Dominicano Patrimonio Dominicano En catalogación 16.09.2010 LF1   xxx J58p 22064-10 25.06.2020 25.06.2020 Libro y Folleto Colección Patrimonio Dominicano      
    Préstamo restrigido Patrimonio Dominicano Biblioteca Nacional Pedro Henríquez Ureña Patrimonio Dominicano Depósito 28.06.2021     xxx J58p 2021-2266 28.06.2021 28.06.2021 Libro y Folleto Colección Patrimonio Dominicano Dewey Decimal Classification Excluido de préstamo e.2

Powered by Koha